000 00603nam a2200193Ia 4500
003 GCL
008 140319s9999 xx 000 0 ara d
040 _aGCL /
_cGCL
082 0 4 _aط
_b813.02
_bو س
100 1 _aسفير
245 1 0 _aسفير الكلمة الطيبة \ الصفوف المنتظمة - شجرة السعادة /
_cسفير
260 _aالقاهرة :
_bسفير ،
_c1991
300 _aمتعدد ؛
_c24 سم
490 _aسفير 00الكلمة الطيبة
_v0
650 0 4 _aالاطفال
650 0 4 _aالقصص
650 0 4 _aقصص الاطفال
942 _2ddc
_cBK
999 _c57536
_d57536